| 000 | 005130000a22001810004500 | ||
|---|---|---|---|
| 003 | MACL | ||
| 005 | 20160214120445.0 | ||
| 008 | 160214b xxu||||| |||| 00| 0 eng d | ||
| 040 |
_aMACL _cmacl |
||
| 041 | _aHindi | ||
| 082 | _a320 | ||
| 100 |
_aराव मोहिनी _938342 |
||
| 245 | _aबेनजीर भुटटो | ||
| 260 |
_bसरस्वती विहार _c1983 _aनई दिल्ली |
||
| 350 | _a30 | ||
| 650 |
_aPolotical Science _91991 |
||
| 942 |
_cHIN _k320 _2ddc |
||
| 999 |
_c27615 _d27615 |
||